Zahraničná politika Spojených štátov amerických v 21. storočí – Obamova doktrína diplomová práca

Enregistré dans:
Détails bibliographiques
Auteur principal: Chrvalová, Lujza, 1994-
Collectivité auteur: Fakulta medzinárodných vzťahov EU. Katedra medzinárodných politických vzťahov
Autres auteurs: Futó, Gilbert
Format: Livre
Langue:slovaque
Publié: Bratislava 2018
Tags: Ajouter un tag
Pas de tags, Soyez le premier à ajouter un tag!

MARC

LEADER 00000nbm a2200000 4500
001 0244493
005 20180806115849.7
041 0 |a slo 
044 |a SK 
245 1 0 |a Zahraničná politika Spojených štátov amerických v 21. storočí – Obamova doktrína  |b diplomová práca  |c Lujza Chrvalová ; školiteľ: Gilbert Futó 
264 1 |a Bratislava  |c 2018 
300 |a 75 s. 
100 1 |a Chrvalová, Lujza, 1994- 
700 1 |a Futó, Gilbert 
710 2 |a Fakulta medzinárodných vzťahov EU. Katedra medzinárodných politických vzťahov